ბათუმის შოთა რუსთაველის სახელმწიფო უნივერსიტეტის ბიბლიოთეკა

მიზანდასახული ცხოვრება : (ბიბ.ჩანაწერი № 50342)

000 -ლიდერი
ფიქსირებული სიგრძის საკონტროლო ველი 01058nam a2200193Ia 4500
001 - საკონტროლო ნომერი
საკონტროლო ველი 17283
003 - საკონტროლო ნომრის იდენტიფიკატორი
საკონტროლო ველი GE_BSU
005 - ბოლო ოპერაციის თარიღი და დრო
საკონტროლო ველი 20200210171113.0
008 - ფიქსირებული სიგრძის მონაცემთა ელემენტები - ზოგადი ინფორმაცია
ფიქსირებული სიგრძის საკონტროლო ველი 181216s xx |||||||||||||| ||geo||
040 ## - კატალოგიზაციის წყარო
Transcribing agency GE_BSU
041 ## - ენის კოდი
Language code of text/sound track or separate title geo
080 ## - უნივერსალური ათობითი კლასიფიკაციის ინდექსი
Universal Decimal Classification number 27-5 უ-52
100 ## - მთავარი ჩანაწერი - პიროვნების სახელი
Personal name უორენი, რიკ.
9 (RLIN) 6967
245 ## - ცნობა სათაურის შესახებ
Title მიზანდასახული ცხოვრება :
Remainder of title რისთვის ვარ მე აქ? /
Statement of responsibility, etc რიკ უორენი
300 ## - ფიზიკური აღწერა
Extent 435 გვ .:
Dimensions 21 სმ.
653 ## - INDEX TERM--UNCONTROLLED
Uncontrolled term მიზანდასახული ცხოვრება არის სახელმძღვანელო xxi საუკუნის ქრისტიანებისათვის.აქ თქვენ იხილავთ იმედს და ქმედებისკენ მიწოდებას,რის გამოც კვლავ და კვლავ მოგინდებათ მისი გადაკითხვა.
653 ## - INDEX TERM--UNCONTROLLED
Uncontrolled term რელიგია.
942 ## - ADDED ENTRY ELEMENTS (KOHA)
Koha item type წიგნი
Source of classification or shelving scheme
ეგზემპლარები
ჩამოწერის სტატუსი დაკარგული ეგზემპლარის სტატუსი კლასიფიკაციის წყარო ან თაროზე გაწყობის სქემა დაზიანების სტატუსი არ გაიცემა მუდმივი მდებარეობა (დაცვის ადგილი) ამჟამინდელი ადგილსამყოფელი თაროზე განთავსების ადგილი შეძენის თარიღი სრული შენახვის შიფრი შტრიხკოდი ბოლო ოპერაციის თარიღი ეგზემპლარის მიმდევრობითი ნომერი (კეტერი?) ფასის ძალაში შესვლის თარიღი ეგზემპლარის სახეობა
          ბათუმის შოთა რუსთაველის სახელმწიფო უნივერსიტეტის მთავარი ბიბლიოთეკა ბათუმის შოთა რუსთაველის სახელმწიფო უნივერსიტეტის მთავარი ბიბლიოთეკა წიგნსაცავი 2018-12-17 27-5 უ-52 45374 2018-12-17 45374 2018-12-17 წიგნი